Responses for Show #2156 - Monday, January 10, 1994

Contestants

[<< previous game]

Joanne Bollhofer, a pharmacist originally from Hicksville, New York

Blaise Messinger, a word processor originally from Pleasantville, New York

Graydon Hazenberg, a graduate student originally from Thunder Bay, Ontario

[next game >>]

Jeopardy! Round responses

ARGENTINA
TENNIS
U.S. MUSEUMS
CHLDREN'S LITERATURE
BUSINESS & INDUSTRY
ENDS IN "OO"
    $100 21
Buenos Aires

Blaise
    $100 1
doubles

Joanne
    $100 2
Star Trek

Joanne
    $100 8
hobbits

Blaise
    $100 11
Goodyear

Graydon
    $100 20
a kangaroo

Graydon
    $200 23
(Joanne: What is beer?)

wine

GraydonJoanne
    $200 5
racket

Joanne
    $200 3
Rodin

Joanne
    $200 9
Alice

Blaise
    $200 13
Benz

Graydon
    $200 22
peek-a-boo

Graydon
    $300 24
(Juan) Peron

Blaise
    $300 12
advantage

Joanne
    $300 4
(John) Brown

Graydon
    $300 10
Heidi

Joanne
    $300 15
ARCO

Blaise
    $300 27
skidoo

Joanne
    $400 26
beef (cattle accepted)

Blaise
    $400 14
clay

Joanne
    $500 6
Andrew Jackson

Joanne
    $400 16
(Louisa May) Alcott

Graydon
    $400 19
Hallmark cards

Joanne
    $400 28
Boo-Boo

Blaise
    $500 30
the peso

Graydon
    $500 17
Monica Seles

Blaise
    $500 7
(Blaise: What is the Metropolitan Museum of Art?)

(Joanne: What is the Guggenheim?)

the Museum of Modern Art

BlaiseJoanne
Triple Stumper
    $500 18
The Little Engine That Could

Blaise
    $500 25
accounting

Graydon
    $500 29
(Blaise: What is a rave?)

ballyhoo

Blaise
Triple Stumper

Scores at the first commercial break (after clue 15):

Graydon Blaise Joanne
$600 $100 $1,600

Scores at the end of the Jeopardy! Round:

Graydon Blaise Joanne
$2,500 $1,800 $2,100

Double Jeopardy! Round responses

HISTORY
SWEETS
FLORIDA
ARCHITECTURE
ZOOLOGY
MUSICAL THEATER
    $200 7
Russia

Blaise
    $200 6
tomato soup

Joanne
    $200 18
a palm tree

Joanne
    $200 24
Amsterdam

Joanne
    $200 14
an ostrich

Joanne
    $200 1
Anthony Quinn

Blaise
    $400 10
pope

Graydon
    $400 8
a Napoleon

Blaise
    $400 20
(Joanne: What is Busc'h Gardens?)

Cyprus Gardens

Joanne
Triple Stumper
    $400 27
Frank Lloyd Wright

Joanne
    $400 17
hibernation

Blaise
    $400 2
Camelot

Blaise
    $600 11
Greece

Graydon
    $600 9
banana

Joanne
    $600 21
Lake Okeechobee

Joanne
    $600 28
I.M. Pei

Blaise
    $600 19
(Graydon: What is his tail?)

his tongue

GraydonJoanne
    $600 3
Oklahoma!

Blaise
    $2,100 12
Egypt

Graydon
    $800 15
custard

Blaise
    $800 22
St. Petersburg

Joanne
    $800 29
Gothic architecture

Joanne
    $800 25
beetle

Joanne
    $800 4
Plaid

Blaise
    $1000 13
Pretoria

Graydon
    $1000 16
pfeffernüsse

Graydon
    $1000 23
the tortugas

Blaise
    $1000 30
Coventry

Graydon
    $1000 26
the marmoset

Graydon
    $1,200 5
42nd Street

Blaise

Scores at the end of the Double Jeopardy! Round:

Graydon Blaise Joanne
$9,000 $8,400 $7,100

[wagering suggestions for these scores]

Final Jeopardy! Round responses

MONARCHS
JoanneWho was Victoria?
$7,100
BlaiseWho is Mary Queen of Scots
$8,399
GraydonWho was Queen Victoria?
$8,000
Victoria

Final scores:

Graydon Blaise Joanne
$17,000 $1 $14,200
New champion: $17,000 3rd place: Village bedroom set and Jeopardy!/Wheel of Fortune video games for the Super NES/Sega Genesis 2nd place: An NEC notebook computer and In-House Accountant software

Game dynamics:

Coryat scores:

Graydon Blaise Joanne
$7,700 $8,200 $7,000
16 R
(including 1 DD),
1 W
20 R
(including 1 DD),
2 W
21 R
(including 1 DD),
3 W

Combined Coryat: $22,900

[game] [game scores] [suggest correction]

Game tape date: 1993-09-27
The J! Archive is created by fans, for fans. Scraping, republication, monetization, and malicious use prohibited; this site may use cookies and collect identifying information. See terms. The Jeopardy! game show and all elements thereof, including but not limited to copyright and trademark thereto, are the property of Jeopardy Productions, Inc. and are protected under law. This website is not affiliated with, sponsored by, or operated by Jeopardy Productions, Inc. Join the discussion at JBoard.tv.